Rakugo (Record no. 14294)

MARC details
000 -LEADER
campo de control de longitud fija 00858nam a2200253 i 4500
001 - NÚMERO DE CONTROL
campo de control 14294
003 - IDENTIFICADOR DE NÚMERO DE CONTROL
campo de control ES-MaACL
005 - FECHA Y HORA DE LA ÚLTIMA TRANSACCIÓN
campo de control 20230906150752.0
007 - CAMPO FIJO DE DESCRIPCIÓN FÍSICA--INFORMACIÓN GENERAL
campo de control de longitud fija t|
008 - DATOS DE LONGITUD FIJA--INFORMACIÓN GENERAL
campo de control de longitud fija 981204s1989 xxua |||| | eng d
020 ## - NÚMERO INTERNACIONAL ESTÁNDAR DEL LIBRO
Número Internacional Estándar del Libro 0-674-74725-9
080 ## - NÚMERO DE LA CLASIFICACIÓN DECIMAL UNIVERSAL
Número de la Clasificación Decimal Universal 398.5(52)
100 1# - ENTRADA PRINCIPAL--NOMBRE DE PERSONA
Nombre de persona Morioka, Heinz.
9 (RLIN) 83573
245 10 - MENCIÓN DEL TÍTULO
Título Rakugo
Resto del título : the popular narrative art of Japan /
Mención de responsabilidad, etc. Heinz Morioka, Miyoko Sasaki.
260 ## - PUBLICACIÓN, DISTRIBUCIÓN, ETC.
Lugar de publicación, distribución, etc. Cambridge, Massachusetts :
Nombre del editor, distribuidor, etc. Harvard University Press, Council on East Asian Studies,
Fecha de publicación, distribución, etc. [1989]
300 ## - DESCRIPCIÓN FÍSICA
Extensión IX, 470 p. :
Otras características físicas il. ;
Dimensiones 24 cm.
490 1# - MENCIÓN DE SERIE
Mención de serie Harvard East Asian Monographs ;
Designación de volumen o secuencia 138
504 ## - NOTA DE BIBLIOGRAFÍA, ETC.
Nota de bibliografía, etc. Bibliografía : p. [404]-456.
650 14 - PUNTO DE ACCESO ADICIONAL DE MATERIA--TÉRMINO DE MATERIA
Término de materia o nombre geográfico como elemento de entrada Literatura popular-
Subdivisión geográfica Japón.
9 (RLIN) 14649
700 1# - ENTRADA AGREGADA--NOMBRE PERSONAL
Nombre de persona Sasaki, Miyoko.
9 (RLIN) 103904
830 0# - PUNTO DE ACCESO ADICIONAL DE SERIE-TÍTULO UNIFORME
Título uniforme Harvard East Asian Monographs ;
Designación de volumen o secuencia 138
9 (RLIN) 228501
852 ## - LOCALIZACIÓN
Ubicación ES-MaACL
Número de control de estantería L-21512
Holdings
Estatus retirado Estado de pérdida Estado de daño No para préstamo Biblioteca de origen Biblioteca actual Ubicación en estantería Fecha de adquisición Fuente de adquisición Total de préstamos Signatura topográfica completa Código de barras Visto por última vez Precio de reemplazo Tipo de ítem Koha
        Biblioteca del Ateneo de Madrid Biblioteca del Ateneo de Madrid Depósito 2 17/01/2008     L-21512 1014541 23/02/2023 23/02/2023 Libro impreso